000 00431nam a22001697a 4500
003 UA-OsUOA
001 3242
007 ta
008 20050721b un ||||| |||| 00| 0 ukr d
100 _aЗимняя
700 _aИ. Я.
942 _cBK
040 _aUA-OsUOA
_cUA-OsUOA
_dUA-OsUOA
245 _aПсихология обучения иностранным языкам в школе
_bPsychology
955 _a2
650 7 _2UDC
999 _c289404
_d289404